00241nam a2200097Ia 4500100001600000654001200016245005200028260003500080082001600115546001200131 aPillai S.O  aPhysics aProblems and Solutions on Solid state Physics bWiley easternaNew Delhic1994 a530.41bPAN aENGLISH